Seriál : O behaviorálnyh financiách

Ukotvenie (anchoring) je kognitívna odchýlka od racionality, pomocou ktorej ľudia pri odhadovaní nejakej neznámej hodnoty vychádzajú z prvej informácie, ktorá im je dostupná. Ilustrácia ukotvenia na praktickom príklade.

Salvato in:
Dettagli Bibliografici
Autore principale: Pilch, Ctibor, 1957-
Natura: Capitolo di libro
Lingua:slovacco
Soggetti:
Tags: Aggiungi Tag
Nessun Tag, puoi essere il primo ad aggiungerne!!

MARC

LEADER 00000nla$a2200000$$$4500
001 0150553
005 20240502072715.3
041 0 |a slo 
044 |a SK 
245 1 0 |a Seriál : O behaviorálnyh financiách  |c Ctibor Pilch 
520 |a Ukotvenie (anchoring) je kognitívna odchýlka od racionality, pomocou ktorej ľudia pri odhadovaní nejakej neznámej hodnoty vychádzajú z prvej informácie, ktorá im je dostupná. Ilustrácia ukotvenia na praktickom príklade. 
610 2 0 |a investovanie 
610 2 0 |a trh finančný 
610 2 0 |a marketing 
610 2 0 |a ceny predajné 
610 2 0 |a investori 
100 1 |a Pilch, Ctibor, 1957-